Statistics for The Chase: Beast-Sized Trivia Quiz (2020)

Click here to take the quiz!

General Stats

  • This quiz has been taken 179 times
  • The average score is 15 of 38

Answer Stats

HintAnswer% Correct
The illustrious hostBradley Walsh
95%
The Dark DestroyerShaun Wallace
75%
The BeastMark Labbett
73%
Colour of the Vixen's hairRed
73%
Colour of the Sinnerman's suitWhite
72%
The GovernessAnne Hegerty
71%
The SinnermanPaul Sinha
68%
Highest ever Final Chase score28
67%
The VixenJenny Ryan
67%
Highest ever score in the Cash Builder14
65%
Name of the network the show is first broadcast onITV
63%
Country in which the Menace was bornIreland
59%
The five-episode spin off that aired in April/May 2020Beat the Chasers
54%
The MenaceDarragh Ennis
52%
Former profession of the SinnermanDoctor
51%
Root vegetable mentioned by the host at the end of the creditsPotato
48%
The Dark Destroyer's name for when the Chaser is one question behind the contestant, who is one question from homeOne-question shootout
41%
Game show the Dark Destroyer became a champion of in 2004Mastermind
40%
Singing show on which the Vixen placed third in 2019X Factor
40%
In what sport does Fanny Chmelar compete for Germany?Skiing
39%
Biggest minus offer ever accepted in the Head to Head-£15,000
38%
Amount won by the Beast on Who Wants to Be a Millionaire£32,000
36%
The giant cock that was placed as the fourth plinth in Trafalgar Square in 2013 is what colour?Blue
33%
In 2011, 'Happy Mondays' lead singer Shaun Ryder released his autobiography called 'Twisting My...' what?Melon
27%
Dump, floater and wipe are techniques used in what team sport?Volleyball
25%
Pussy and crack are varieties of which tree?Willow
24%
Highest amount of money ever taken home by one person£70,000
21%
Quiz show presented by the Governess on the same channel as The ChaseBritain's Brightest Family
18%
What is the cartoon character Andy Capp known as in Germany?Willi Wakker
18%
In the 1990s, Chef from South Park had a number one hit with which song?Chocolate Salty Balls
15%
Largest prize fund ever£160,000
12%
Celebrity who has won two final chasesRachel Riley / Kym Marsh
12%
Game show The Chase was originally intended to be a summer replacement forGolden Balls
8%
What 1993 film is concerned with activities around Gobbler's Knob?Groundhog Day
8%
Any of the four celebrities in the very first Celebrity SpecialSally Lindsay / Shaun Williamson / Barry McGuigan / Jenny Frost
5%
'Cock shot' and 'beaver' are terms in what game?Backgammon
3%
A cockchafer is a type of which creature?Beetle
3%
Name of the contestant who got the record-breaking Cash Builder scoreLes
3%

Score Distribution

Percentile by Number Answered

Percent of People with Each Score

Your Score History

You have not taken this quiz